00505nam a2200133Ia 4500008004100000082001700041100003600058245016300094260003900257300001600296520001100312650002800323700002000351230907s9999||||xx |||||||||||||| ||und|| a621.042bANE aAneeque Ahmed Mir (00000277128) 0aShort Term Load Forecasting for Electric Utilities of Pakistan: Model Development in Review of Load Forecasting Practices in Low and Middle-Income Countries / aUSPCAS-E, NUST,bIslamabad :c2021 aXII, 113 p. aTH-254 aMS EEP Thesis MS Thesis aDr Kafait Ullah